| 000 | 00733nas a2200253 i 4500 | ||
|---|---|---|---|
| 001 | 178779 | ||
| 003 | ES-MaACL | ||
| 005 | 20250822100008.0 | ||
| 008 | 110624c1998 w| | ||pa d | ||
| 080 | _a(051) | ||
| 245 | 0 | 0 |
_aA las barricadas _b: primera revista europea de autodefensa para demócratas. |
| 246 | 2 | _aBarricadas | |
| 260 |
_a[Barcelona] : _bZeta, _c1998- |
||
| 300 |
_a1 v. : _bil. ; _c36 cm. |
||
| 310 | _aSemanal | ||
| 362 | 0 | _aN. 1 (11-17 mayo 1998)- | |
| 500 | _aTít. tomado de la cub. | ||
| 500 | _aSuplemento de Interviú. | ||
| 650 | 0 | 7 |
_aSátira _2embne _916997 |
| 650 | 4 |
_aSátira política. _9143141 |
|
| 852 |
_aES-MaACL _jHem-H-431 |
||
| 866 | 0 | _o1998 (nº1-7). | |
| 999 |
_c178779 _d178779 |
||